000 00466nam a2200181Ia 4500
001 9653
005 20260306161734.0
008 260306t2009||||xx |||||||||||||| ||spa||
041 _aESP
082 _a388
_bA57
100 _aAnaya Tejero, Julio Juan
_eAUT
245 0 _aEl transporte de mercancías:
_benfoque logístico de la distribución
260 _c2009
300 _a178 páginas :
_c24 cm.
650 _aGEN
654 _aCAN
942 _cLIB
_dJUS
_fJUS
_2ddc
_n
999 _c9653
_d9653